000 00440nam a2200169Ia 4500
003 GCL
008 140319s9999 xx 000 0 eng d
040 _aGCL /
_cGCL
082 0 4 _a547
_bS P
100 1 _aSHARMA, D. S.
245 1 0 _aPROBLEMS IN ORGANIC CHEMISTRY /
_cSHARMA, D. S.
700 1 _aSHARMA, K. K.
260 _a[S.N] :
_bVIKAS PUBLISHING HOUSE ،
_c1994
300 _a463\P
650 0 4 _aORGANIC CHEMISTRY
942 _2ddc
_cBK
999 _c20122
_d20122